Introduction to mechanics of solids (Record no. 6446)

000 -LEADER
fixed length control field 00525nam a22001931 4500
001 - CONTROL NUMBER
control field 6446
003 - CONTROL NUMBER IDENTIFIER
control field BD-DhUET
008 - FIXED-LENGTH DATA ELEMENTS--GENERAL INFORMATION
fixed length control field 700820s1968 njua b 000 0 eng
040 ## - CATALOGING SOURCE
Original cataloging agency DLC
Transcribing agency DLC
Modifying agency BD-DhUET
082 00 - DEWEY DECIMAL CLASSIFICATION NUMBER
Classification number 620.11
Item number POP/1968
100 ## - MAIN ENTRY--PERSONAL NAME
Personal name Egor P. Popov
245 10 - TITLE STATEMENT
Title Introduction to mechanics of solids
250 ## - EDITION STATEMENT
Edition statement 1st ed.
260 ## - PUBLICATION, DISTRIBUTION, ETC. (IMPRINT)
Place of publication, distribution, etc. New Jersey
Name of publisher, distributor, etc. Prentice-Hall
Date of publication, distribution, etc. 1968
300 ## - PHYSICAL DESCRIPTION
Extent xix, 571p.
Other physical details illus.
490 0# - SERIES STATEMENT
Series statement Civil engineering and engineering mechanics series
650 #0 - SUBJECT ADDED ENTRY--TOPICAL TERM
Topical term or geographic name as entry element Strength of materials
942 ## - ADDED ENTRY ELEMENTS (KOHA)
Koha item type General Book
Holdings
Koha out on loan Piece designation (barcode) Damaged status Koha normalized classification for sorting Source of classification or shelving scheme Date acquired Location (home branch) Koha date last seen Withdrawn status Koha full call number Shelving location Koha item type Lost status Copy number Koha date last borrowed Koha issues (times borrowed) Sublocation or collection (holding branch) Price effective from Not for loan
 39984 620_110000000000000_POP_1968 2014-12-15Central Library, BUET2014-12-15 620.11/POP/1968Circulation sectionGeneral Book 1  Central Library, BUET2014-12-15 
2025-12-1440240 620_110000000000000_POP_1968 2014-12-15Central Library, BUET2025-11-30 620.11/POP/1968Circulation sectionGeneral Book 22025-11-302Central Library, BUET2014-12-15 
 62168 620_110000000000000_POP_1968 2014-12-15Central Library, BUET2014-12-15 620.11/POP/1968Circulation sectionGeneral Book 3  Central Library, BUET2014-12-15 
 74505 620_110000000000000_POP_1968 2014-12-15Central Library, BUET2025-04-20 620.11/POP/1968Circulation sectionGeneral Book 42024-03-197Central Library, BUET2014-12-15 
 42955 620_110000000000000_POP_1968 2015-06-29Central Library, BUET2015-06-29 620.11/POP/1968Reading sectionReading Item 5  Central Library, BUET2015-06-29